Normal view MARC view

Entry Personal Name

Number of records used in: 5

001 - CONTROL NUMBER

  • control field: 38744

003 - CONTROL NUMBER IDENTIFIER

  • control field: dpl

005 - DATE AND TIME OF LATEST TRANSACTION

  • control field: 20120110113425.0

008 - FIXED-LENGTH DATA ELEMENTS

  • fixed length control field: 120110|||a|||||| | ||| d

040 ## - CATALOGING SOURCE

  • Original cataloging agency: dpl
  • Transcribing agency: dpl

100 ## - HEADING--PERSONAL NAME

  • Personal name: Chowdhary, K. R .

670 ## - SOURCE DATA FOUND

  • Source citation: Work cat.: (dpl)10241: Chowdhary, K. R ., Fundamentals of discrete mathematical structures/, 2008

670 ## - SOURCE DATA FOUND

  • Source citation: Work cat.: (dpl)10241: Chowdhary, K. R ., Fundamentals of discrete mathematical structures/, 2008

© Delhi Public Library
Hit Counter
free hit counter